Cromwell : (Record no. 187261)
[ view plain ]
| 000 -LEADER | |
|---|---|
| fixed length control field | 01068 a2200169 4500 |
| 003 - CONTROL NUMBER IDENTIFIER | |
| control field | NUST |
| 005 - DATE AND TIME OF LATEST TRANSACTION | |
| control field | 20230201105117.0 |
| 040 ## - CATALOGING SOURCE | |
| Transcribing agency | Nust |
| 082 ## - DEWEY DECIMAL CLASSIFICATION NUMBER | |
| Classification number | 942.06,DRI |
| 100 ## - MAIN ENTRY--PERSONAL NAME | |
| Personal name | Drinkwater, John |
| 9 (RLIN) | 50259 |
| 245 ## - TITLE STATEMENT | |
| Title | Cromwell : |
| Remainder of title | A Character Study / |
| Statement of responsibility, etc. | John Drinkwater |
| 260 ## - PUBLICATION, DISTRIBUTION, ETC. | |
| Place of publication, distribution, etc. | London |
| Name of publisher, distributor, etc. | Hodder & Stoughton |
| 300 ## - PHYSICAL DESCRIPTION | |
| Extent | 266:p. |
| 505 ## - FORMATTED CONTENTS NOTE | |
| Formatted contents note | Introduction (Page-9), Birth and Childhood (Page-19), Environment of Youth (Page-29), Marriage and A Puritan Home (Page-450, Parliament (Page-580, Divine Right (Page-69),Preparation (Page-80), The Star Chamber (Page-94), The Short Parliament (Page-107), Assembling of the Long Parliament (Page-114), The First Civil War (Page-138), The Iron sides (Page-152), The Army and The Parliament (Page-164), The Execution of the King (Page-173), Cromwell in 1649 (Page-180), Ireland (Page-188), Dunbar and Worcester (Page-209), Lord Protector (Page-217), First Protectorate Parliament (Page-228), Second Protectorate Parliament (page-242), Last Days and Death (Page-256). |
| 650 ## - SUBJECT ADDED ENTRY--TOPICAL TERM | |
| Topical term or geographic name entry element | Biography |
| 9 (RLIN) | 461 |
| 942 ## - ADDED ENTRY ELEMENTS (KOHA) | |
| Source of classification or shelving scheme | |
| Koha item type | Book |
| Call number prefix | 942.06,DRI |
| Withdrawn status | Lost status | Source of classification or shelving scheme | Damaged status | Not for loan | Permanent Location | Current Location | Shelving location | Date acquired | Full call number | Barcode | Date last seen | Price effective from | Koha item type | Public note |
|---|---|---|---|---|---|---|---|---|---|---|---|---|---|---|
| Military College of Signals (MCS) | Military College of Signals (MCS) | General Stacks | 12/12/2016 | 942.06,DRI | MCS29225 | 12/08/2016 | 12/12/2016 | Book | Almirah No.60, Shelf No.5 |
